000 00358nam a2200109Ia 4500
008 200302s9999 xx 000 0 und d
100 _aHael Conway and Rowan Roenisch
245 _aUnderstanding Architecture An introduction to architecture and architectural History 2nd ed
260 _bSimultaneusly Published in the USA
260 _c2005
300 _a285 P.,
999 _c1144
_d1144